Random Things from my Camera Roll - Statistics

General Stats
  • This quiz has been taken 27 times
  • The average score is 9 of 18
Answer Stats
Picture Hint Answer % Correct
Subject Mathematics
92%
Movie Shrek
92%
Painting Mona Lisa
88%
Celebratory Explosion Fireworks
84%
Website Reddit
84%
US State California
80%
Movie Mr. Bean's Holiday
76%
Landmark Golden Gate Bridge
72%
Cleaning Device Bidet
64%
Building One World Trade Center
44%
Pope John Paul II
40%
Food Bao
24%
Country Monaco
24%
Video Game Console Game Boy
20%
Television Character Andy Griffith
16%
City Detroit
12%
Olympic Gold Medalist Dave Wottle
8%
Painting The Angelus
8%
No matching quizzes found
Score Distribution
Percent of People with Each Score
Percentile by Number Answered
Your Score History
You have not taken this quiz